I Know You Want Me (Calle Ocho) [English] - Pitbull - All Lyrics - Statistics

General Stats
  • This quiz has been taken 18 times
  • The average score is 373 of 480
Answer Stats
Answer % Correct
Haha)
100%
haha)
100%
I
100%
know
100%
me
100%
me)
100%
(Shh)
100%
want
100%
(Want
100%
ya
100%
ya)
100%
ya;
100%
you
100%
You
100%
four
94%
on
94%
One,
94%
three,
94%
two,
94%
do',
88%
do
88%
tres,
88%
Uno,
88%
huh
75%
a
69%
haha
69%
uh,
69%
yuh
69%
the
63%
we
63%
can
50%
cuatro
50%
it
50%
it,
50%
my
50%
to
50%
an
44%
and
44%
And
44%
don't
44%
get
44%
King
44%
like
44%
Now
44%
her
38%
is
38%
Kong
38%
say,
38%
They
38%
they
38%
top,
38%
Baby,
31%
got
31%
Got
31%
here
31%
if
31%
in
31%
in,
31%
Look
31%
make
31%
Pit
31%
That
31%
what
31%
All
25%
ass
25%
but
25%
care,
25%
crib,
25%
(Dale)
25%
donkey,
25%
down
25%
hot
25%
monkey
25%
night
25%
not,
25%
play
25%
stay
25%
way
25%
woman
25%
won't
25%
305,
19%
'cause
19%
condos
19%
cribs,
19%
Even
19%
Everything
19%
from
19%
king-size
19%
lay
19%
long
19%
mattress
19%
off
19%
stop
19%
that's
19%
Welcome
19%
with
19%
With
19%
Albert
13%
anything,
13%
anything
13%
chain,
13%
games
13%
he's
13%
Hitchcock,
13%
love
13%
Mami
13%
movie
13%
R.I.P.,
13%
watch
13%
BIG
6%
cockpit
6%
damn
6%
Label
6%
Pit’s
6%
playin'
6%
Tick
6%
tock,
6%
(¿Cómo?)
0%
flop
0%
goons
0%
locked
0%
locks,
0%
Pac
0%
No matching quizzes found
Score Distribution
Percent of People with Each Score
Percentile by Number Answered
Your Score History
You have not taken this quiz